000 02689nam a22003137a 4500
003 OSt
005 20240510220303.0
008 240507b ||||| |||| 00| 0 eng d
040 _bEnglish.
_cCvSU-CCAT Campus Library.
_erda.
050 _aUM QA 76.9.H85
_bDe48 2017
245 _aDevelopment of kiosk information system of Tanza National Comprehensive High School /
_cAnne Marie R. Abueg [and three others].
260 _aRosario, Cavite :
_bCavite State University-CCAT Campus,
_c2017.
300 _axiii, 75 leaves :
_billustrations ;
_c28 cm
500 _aDesign Project (BSInfoTech) -- Cavite State University-CCAT Campus, 2017.
504 _aIncludes bibliographical references and appendices.
520 _aABUEG, ANNE MARIE R., ARBIS, KIM CEDRIC B., MONTEVIRGIN, ARJAY D. AND SATSATIN, CYRUS Y. Development of Kiosk Information System of Tanza National Comprehensive High School. Design Project. Bachelor of Science in Information Technology, Cavite State University-Rosario Campus, Rosario, Cavite. May 2017. Adviser: Prof. Christopher G. Estonilo. The study was conducted from December 2016 to March 2017 to develop a kiosk information system for Tanza National Comprehensive High School. Specifically, the study aimed to: 1) design the user interface of the kiosk information system of Tanza National Comprehensive High School; 2) test and evaluate the kiosk information system using a modified software evaluation criteria adapted from ISO 9126; 3) and implement the kiosk information system in the campus. The system was tested and evaluated by selected respondents from TNCHS using a modified software evaluation criteria the errors other and improvements identify necessary assess in. The developers were able to assess the functionality, accessibility, and reliability of the proposed system. The study focused on development of the kiosk information system. The information provided by the kiosk will be specifying the vicinity and map of the school. The users can accessed the kiosk through the use of a public touch screen monitor.
546 _aIn English text.
650 _aInformation kiosk.
_912564
650 _aHuman computer interaction.
_92085
650 _aKiosk information system.
_912565
650 _aTanza National Comprehensive High School.
_912658
700 _aArbis, Kim Cedric B., author.
_912285
700 _aMontevirgen, Arjay, author.
_912286
700 _aSatsatin, Cyrus Y., author.
_912287
700 _aEstonilo, Christopher G., adviser.
_95822
700 _aIgnacio, Mary Ann E., technical critic.
_911884
942 _2lcc
_cT/M/D
_hQA 76.9.H85 De48 2017
_kUM
999 _c3364
_d3364